All-Time UEFA Competitions Teams - Statistics

General Stats
  • This quiz has been taken 241 times
    146 since last reset
  • The average score is 228 of 1270
Answer Stats
Country Team % Correct
England Aston Villa
82%
Italy Inter
79%
England Arsenal
76%
Iceland KA
76%
England Liverpool
76%
England Manchester City
76%
England Manchester United
76%
Austria Austria Wien
74%
England Chelsea
74%
England Leicester City
74%
England Newcastle United
74%
Austria Rapid Wien
74%
Austria Red Bull Salzburg
74%
England Crystal Palace
71%
England Everton
71%
England Leeds United
71%
England Tottenham Hotspur
71%
England West Ham United
71%
Germany/West Germany Borussia Dortmund
68%
Germany/West Germany Borussia Mönchengladbach
68%
France Lille
68%
France Paris Saint-Germain
68%
Austria Sturm Graz
68%
England Wolverhampton Wanderers
68%
Andorra Atlétic Club d'Escaldes
65%
Yugoslavia Bor
65%
England Brighton & Hove Albion
65%
Croatia | Yugoslavia Dinamo Zagreb
65%
England Fulham
65%
Italy Juventus
65%
Albania KF Tirana
65%
Italy Lazio
65%
France Lyon
65%
France Marseille
65%
Italy Milan
65%
Italy Napoli
65%
England Nottingham Forest
65%
Greece Olympiacos
65%
England Queens Park Rangers
65%
Germany/West Germany RB Leipzig
65%
Italy Roma
65%
East Germany | Germany/West Germany Union Berlin
65%
Belgium Anderlecht
62%
Italy Atalanta
62%
Belarus BATE Borisov
62%
Germany/West Germany Bayer Leverkusen
62%
Germany/West Germany Bayern München
62%
England Birmingham City
62%
Wales Cardiff City
62%
Belgium Club Brugge
62%
Germany/West Germany Eintracht Frankfurt
62%
Bosnia and Herzegovina | Yugoslavia FK Sarajevo
62%
France Monaco
62%
Azerbaijan Qarabag
62%
Czechia | Czechoslovakia Slavia Praha
62%
England Southampton
62%
Czechia | Czechoslovakia Sparta Praha
62%
Italy Torino
62%
Greece AEK Athens
59%
Netherlands Ajax
59%
Cyprus APOEL Nicosia
59%
Bulgaria CSKA Sofia
59%
Hungary Ferencváros
59%
Italy Fiorentina
59%
Belgium Gent
59%
Germany/West Germany Hamburg
59%
Faroe Islands KÍ Klaksvik
59%
Greece Panathinaikos
59%
Greece PAOK
59%
Malta Rabat Ajax
59%
Andorra Ranger's
59%
Scotland Rangers
59%
France Rennes
59%
Italy Sampdoria
59%
England | Wales Swansea City
59%
Austria Wolfsberger AC
59%
Denmark AB
56%
Kazakhstan Astana
56%
Spain Barcelona
56%
England Burnley
56%
Scotland Celtic
56%
Ireland Cork Celtic
56%
Netherlands Feyenoord
56%
Belgium Genk
56%
Italy Genoa
56%
Croatia | Yugoslavia Hajduk Split
56%
Finland HJK
56%
Austria LASK Linz
56%
Poland Legia Warszawa
56%
Netherlands PSV Eindhoven
56%
Spain Real Madrid
56%
Spain Real Madrid Castilla
56%
Croatia | Yugoslavia Rijeka
56%
Belgium Royal Antwerp
56%
France Saint-Étienne
56%
Spain Sevilla
56%
Liechtenstein Vaduz
56%
Czechia | Czechoslovakia Viktoria Plzeň
56%
Germany/West Germany Werder Bremen
56%
Switzerland Basel
53%
England Blackburn Rovers
53%
France Bordeaux
53%
Serbia/Serbia and Montenegro | Yugoslavia Crvena zvezda
53%
Russia | Soviet Union CSKA Moskva
53%
Netherlands Groningen
53%
Germany/West Germany Hertha Berlin
53%
Germany/West Germany Hoffenheim
53%
England Ipswich Town
53%
Germany/West Germany Köln
53%
France Nice
53%
Italy Palermo
53%
Italy Parma
53%
Spain Real Betis
53%
Romania Steaua București
53%
France Toulouse
53%
Italy Udinese
53%
Spain Valencia
53%
Spain Athletic Bilbao
50%
Netherlands AZ Alkmaar
50%
Portugal Benfica
50%
Italy Bologna
50%
Italy Cagliari
50%
Soviet Union | Ukraine Dynamo Kyiv
50%
Spain Espanyol
50%
Denmark FC København
50%
Latvia FC Riga
50%
Latvia FK Rīga
50%
Faroe Islands GÍ Gøta
50%
Italy Hellas Verona
50%
Sweden IFK Malmö
50%
Iceland KR Reykjavík
50%
Poland Lech Poznań
50%
Sweden Malmö FF
50%
England Norwich City
50%
Portugal Porto
50%
Spain Real Sociedad
50%
Germany/West Germany Schalke 04
50%
England Sunderland
50%
Netherlands Twente
50%
England Wigan Athletic
50%
Scotland Aberdeen
47%
Türkiye Besiktas
47%
Norway Bodø/Glimt
47%
England Bolton Wanderers
47%
Romania CFR Cluj
47%
Belarus | Soviet Union Dinamo Minsk
47%
Soviet Union | Ukraine Dnipro
47%
Bulgaria Ludogorets
47%
Israel Maccabi Tel Aviv
47%
Slovenia Maribor
47%
France Montpellier
47%
Serbia/Serbia and Montenegro | Yugoslavia Partizan Beograd
47%
Albania Partizani Tirana
47%
England Portsmouth
47%
Norway Rosenborg
47%
Moldova Sheriff Tiraspol
47%
Czechoslovakia | Slovakia Slovan Bratislava
47%
France Strasbourg
47%
Türkiye Trabzonspor
47%
Belgium Union Saint-Gilloise
47%
England West Bromwich Albion
47%
England Wimbledon
47%
Germany/West Germany Wolfsburg
47%
Switzerland Young Boys
47%
Soviet Union Zenit Leningrad
47%
Russia Zenit St. Petersburg
47%
Germany/West Germany Augsburg
44%
Spain Deportivo La Coruña
44%
Türkiye Fenerbahçe
44%
Montenegro FK Podgorica
44%
Estonia Flora Tallinn
44%
Türkiye Galatasaray
44%
Scotland Heart of Midlothian
44%
Scotland Hibernian
44%
France Lens
44%
Gibraltar Lincoln Red Imps
44%
Russia Lokomotiv Moskva
44%
Israel Maccabi Haifa
44%
Spain Mallorca
44%
Norway Molde
44%
France Nantes
44%
Kosovo Prishtina
44%
Armenia Pyunik
44%
Italy Sassuolo
44%
Czechia Slovan Liberec
44%
Switzerland Zürich
44%
Greece Aris Thessaloniki
41%
Spain Atlético Madrid
41%
England Derby County
41%
Luxembourg F91 Dudelange
41%
Germany/West Germany Freiburg
41%
Spain Getafe
41%
Spain Girona
41%
Sweden Göteborg
41%
England Hull City
41%
Türkiye İstanbul Başakşehir
41%
Bulgaria Levski Sofia
41%
Spain Málaga
41%
Denmark Midtjylland
41%
Cyprus Omonia Nicosia
41%
Russia | Soviet Union Spartak Moskva
41%
Portugal Sporting CP
41%
Luxembourg Stade Dudelange
41%
Netherlands Utrecht
41%
France Angers
38%
Denmark Brøndby
38%
Ireland Cork City
38%
Hungary Debreceni VSC
38%
Georgia | Soviet Union Dinamo Tbilisi
38%
Russia | Soviet Union Dynamo Moskva
38%
Israel Hapoel Tel Aviv
38%
Netherlands Heerenveen
38%
Kazakhstan Kairat
38%
Denmark Odense
38%
Spain Real Zaragoza
38%
France Reims
38%
Soviet Union | Ukraine Shakhtar Donetsk
38%
Portugal Sporting Braga
38%
Belgium Standard Liège
38%
England Stoke City
38%
Austria Tirol Innsbruck
38%
Spain Villarreal
38%
Netherlands Vitesse
38%
Portugal Vitória de Guimarães
38%
Germany/West Germany 1860 München
35%
Cyprus AEK Larnaca
35%
Spain Celta de Vigo
35%
Belgium Cercle Brugge
35%
Israel Hapoel Be'er Sheva
35%
Russia Krasnodar
35%
Estonia Levadia Tallinn
35%
Germany/West Germany Mainz
35%
Armenia Noah
35%
Spain Racing de Santander
35%
England Sheffield Wednesday
35%
Germany/West Germany Stuttgart
35%
England Watford
35%
Switzerland Wil
35%
Wales Wrexham
35%
Sweden AIK
32%
Portugal Boavista
32%
Georgia Dinamo Batumi
32%
Spain Las Palmas
32%
Germany/West Germany Nürnberg
32%
Spain Osasuna
32%
Croatia Osijek
32%
Belgium RFC Liege
32%
Croatia RNK Split
32%
Saarland Saarbrücken
32%
Switzerland Sion
32%
Scotland St Johnstone
32%
San Marino Tre Fiori
32%
San Marino Tre Penne
32%
North Macedonia | Yugoslavia Vardar
32%
Norway Viking
32%
Czechia | Czechoslovakia Zbrojovka Brno
32%
Denmark Aalborg
29%
Armenia Alashkert
29%
Cyprus Aris Limassol
29%
France Auxerre
29%
Bosnia and Herzegovina | Yugoslavia Borac Banja Luka
29%
Kosovo Drita
29%
Ireland Dundalk
29%
Scotland Dundee FC
29%
Albania Egnatia
29%
Portugal Estoril Praia
29%
Azerbaijan FC Baku
29%
Spain Granada
29%
Switzerland Grasshopper
29%
Germany/West Germany Hannover
29%
Faroe Islands HB Tórshavn
29%
Andorra Inter Club d'Escaldes
29%
Germany/West Germany Kaiserslautern
29%
Poland Lechia Gdańsk
29%
Spain Levante
29%
Croatia Lokomotiva Zagreb
29%
Switzerland Lugano
29%
Belgium Mechelen
29%
Denmark Nordsjælland
29%
Greece OFI
29%
Denmark Randers
29%
Spain Rayo Vallecano
29%
Switzerland Servette
29%
Norway Tromsø
29%
Andorra UE Santa Coloma
29%
Serbia/Serbia and Montenegro | Yugoslavia Vojvodina
29%
Austria Admira Wacker
26%
Netherlands ADO Den Haag
26%
Türkiye Antalyaspor
26%
Liechtenstein Balzers
26%
Portugal Belenenses
26%
Ireland Bohemian
26%
England Bradford City
26%
Türkiye Bursaspor
26%
Ireland Cork Hibernians
26%
Romania Dinamo București
26%
East Germany Dynamo Dresden
26%
Germany/West Germany Eintracht Braunschweig
26%
Belarus FC Minsk
26%
Andorra FC Santa Coloma
26%
Armenia FC Yerevan
26%
Netherlands Go Ahead Eagles
26%
Malta Hibernians
26%
Finland Inter Turku
26%
Czechia Jablonec
26%
Lithuania Kauno Žalgiris
26%
Switzerland Lausanne-Sport
26%
Italy Livorno
26%
England Middlesbrough
26%
Hungary MTK Budapest
26%
Azerbaijan Neftçi Baku
26%
Slovenia | Yugoslavia Olimpija Ljubljana
26%
Georgia Olimpi Rustavi
26%
Hungary Puskás Akadémia
26%
Serbia/Serbia and Montenegro | Yugoslavia Rad Beograd
26%
Portugal Rio Ave
26%
Türkiye Sivasspor
26%
Albania Skënderbeu
26%
Czechoslovakia | Slovakia Spartak Trnava
26%
Netherlands Sparta Rotterdam
26%
Spain Sporting Gijón
26%
Wales The New Saints
26%
Hungary Újpest
26%
Austria Wacker Innsbruck
26%
Poland Wisła Kraków
26%
Ukraine Zorya Luhansk
26%
Soviet Union Zorya Voroshilovgrad
26%
Germany/West Germany Alemannia Aachen
24%
Russia Anzhi Makhachkala
24%
Austria Austria Salzburg
24%
Faroe Islands B36 Tórshavn
24%
Italy Brescia
24%
France Caen
24%
Slovenia Celje
24%
Italy ChievoVerona
24%
Sweden Djurgårdens
24%
Germany/West Germany Duisburg
24%
Gibraltar Europa
24%
Lithuania FBK Kaunas
24%
Germany/West Germany Fortuna Düsseldorf
24%
Belarus Gomel
24%
Slovenia Gorica
24%
East Germany | Germany/West Germany Hansa Rostock
24%
Germany/West Germany Heidenheim
24%
Iceland ÍA
24%
Germany/West Germany Karlsruhe
24%
East Germany Magdeburg
24%
France Metz
24%
England Millwall
24%
Czechoslovakia | Slovakia MŠK Žilina
24%
Netherlands NAC Breda
24%
Cyprus Pafos
24%
Scotland Raith Rovers
24%
Poland Raków Częstochowa
24%
Spain Real Oviedo
24%
Spain Real Valladolid
24%
Latvia RFS
24%
Russia Rostov
24%
East Germany Rot-Weiß Erfurt
24%
Russia Rubin Kazan
24%
Türkiye Samsunspor
24%
Portugal Santa Clara
24%
Ireland Shamrock Rovers
24%
Ireland Shelbourne
24%
Denmark Silkeborg
24%
France Sochaux
24%
Switzerland St. Gallen
24%
Spain Tenerife
24%
Russia Ufa
24%
Iceland Víkingur Reykjavík
24%
Netherlands Willem II
24%
Bosnia and Herzegovina | Yugoslavia Zeljezničar
24%
Moldova Zimbru Chişinău
24%
Denmark Aarhus
21%
Cyprus AEL Limassol
21%
Cyprus Anorthosis
21%
Cyprus Apollon Limassol
21%
Russia Arsenal Tula
21%
Greece Asteras Tripolis
21%
France Bastia
21%
Norway Brann
21%
Montenegro | Serbia/Serbia and Montenegro Budućnost Podgorica
21%
Portugal Chaves
21%
Spain Deportivo Alavés
21%
Albania Dinamo Tirana
21%
France Lorient
21%
Switzerland Luzern
21%
Germany/West Germany Rot-Weiss Essen
21%
Finland SJK
21%
Bosnia and Herzegovina | Yugoslavia Sloboda Tuzla
21%
North Macedonia Sloga Jugomagnat
21%
Latvia Spartaks Jūrmala
21%
Bosnia and Herzegovina Tuzla City
21%
Latvia Universitāte Rīga
21%
Armenia Urartu
21%
Bosnia and Herzegovina Velež Mostar
21%
Yugoslavia Velez Mostar
21%
Italy Vicenza
21%
Hungary Videoton
21%
Bosnia and Herzegovina Zrinjski Mostar
21%
Türkiye Adana Demirspor
18%
Greece AEL Larissa
18%
Armenia Ararat-Armenia
18%
Armenia | Soviet Union Ararat Yerevan
18%
Montenegro Arsenal Tivat
18%
Austria Austria Lustenau
18%
Serbia/Serbia and Montenegro Bačka Topola
18%
Kosovo Ballkani
18%
Germany/West Germany Bayer Uerdingen
18%
Germany/West Germany Bochum
18%
Czechia | Czechoslovakia Bohemians 1905
18%
Gibraltar Bruno's Magpies
18%
East Germany Carl Zeiss Jena
18%
Bosnia and Herzegovina Čelik Zenica
18%
Italy Cesena
18%
Bulgaria CSKA 1948
18%
Ukraine Dnipro-1
18%
Hungary ETO Györ
18%
Romania Farul Constanța
18%
Austria Grazer AK
18%
France Guingamp
18%
Israel Hapoel Haifa
18%
Austria Hartberg
18%
Sweden Helsingborgs
18%
Netherlands Heracles Almelo
18%
Hungary Honvéd Budapest
18%
Faroe Islands ÍF
18%
Scotland Inverness
18%
East Germany Karl-Marx-Stadt
18%
Scotland Kilmarnock
18%
Albania Laçi
18%
San Marino La Fiorita
18%
Bulgaria Lokomotiv Plovdiv
18%
Portugal Maritimo
18%
Soviet Union | Ukraine Metalist Kharkiv
18%
Montenegro Mornar Bar
18%
France Nancy
18%
Netherlands NEC Nijmegen
18%
Wales Newport County
18%
France Nîmes
18%
Romania Oțelul Galați
18%
Italy Perugia
18%
Serbia/Serbia and Montenegro | Yugoslavia Radnički Niš
18%
North Macedonia Shkëndija
18%
Austria St. Polten
18%
Finland Tampere United
18%
Finland TPS
18%
Romania Unirea Urziceni
18%
Croatia Varaždin
18%
San Marino Virtus
18%
Portugal Vitória de Setúbal
18%
Albania Vllaznia
18%
Czechoslovakia | Slovakia VSS Košice
18%
Lithuania | Soviet Union Žalgiris Vilnius
18%
Romania Astra Giurgiu
15%
Malta Balzan
15%
France Cannes
15%
Belgium Charleroi
15%
Bulgaria Cherno More Varna
15%
Czechoslovakia | Slovakia DAC
15%
Montenegro Dečić
15%
Luxembourg Differdange 03
15%
Czechoslovakia Dukla Praha
15%
Scotland Dundee United
15%
East Germany Dynamo Berlin
15%
Sweden Elfsborg
15%
Italy Empoli
15%
Liechtenstein Eschen/Mauren
15%
Austria First Vienna
15%
Malta Gżira United
15%
Sweden Halmstads
15%
Sweden Hammarby
15%
Türkiye İstanbulspor
15%
Poland Jagiellonia Białystok
15%
France Laval
15%
Northern Ireland Linfield
15%
Serbia/Serbia and Montenegro Mladost Lučani
15%
Malta Mosta
15%
Scotland Motherwell
15%
Portugal Nacional
15%
Croatia NK Zagreb
15%
Sweden Norrköping
15%
Sweden Örebro
15%
Sweden Östers
15%
Sweden Östersunds
15%
Portugal Paços de Ferreira
15%
Netherlands PEC Zwolle
15%
Poland Pogoń Szczecin
15%
Serbia/Serbia and Montenegro Radnički 1923
15%
Austria Rheindorf Altach
15%
Austria Ried
15%
Belgium R.W.D. Molenbeek
15%
Azerbaijan Sabah
15%
North Macedonia Shkupi
15%
Croatia Šibenik
15%
Croatia Slaven Belupo
15%
Russia Sochi
15%
Switzerland Thun
15%
Russia | Soviet Union Torpedo Moskva
15%
France Troyes
15%
Romania Universitatea Cluj
15%
Romania Universitatea Craiova
15%
Malta Valletta
15%
Belgium Zulte Waregem
15%
East Germany Zwickau
15%
Türkiye Ankaragücü
12%
Türkiye Ankaraspor
12%
Portugal Arouca
12%
Czechia | Czechoslovakia Baník Ostrava
12%
Israel Beitar Jerusalem
12%
Austria Bregenz
12%
Poland Cracovia
12%
Serbia/Serbia and Montenegro Čukarički
12%
Ireland | Northern Ireland Derry City
12%
Belarus Dynamo Brest
12%
Denmark Esbjerg
12%
Scotland Falkirk
12%
Georgia FC Tbilisi
12%
Moldova FC Tiraspol
12%
Russia FK Moskva
12%
Poland GKS Katowice
12%
Sweden Häcken
12%
Azerbaijan Inter Baku
12%
Serbia/Serbia and Montenegro Jagodina
12%
Sweden Kalmar
12%
Austria Kärnten
12%
Türkiye Konyaspor
12%
Slovenia Koper
12%
Albania Kukësi
12%
Finland KuPS
12%
East Germany Lokomotive Leipzig
12%
Bulgaria Lokomotiv Sofia
12%
Serbia/Serbia and Montenegro Obilić
12%
Serbia/Serbia and Montenegro | Yugoslavia OFK Beograd
12%
Montenegro OFK Petrovac
12%
Greece Panionios
12%
Greece PAS Giannina
12%
Romania Politehnica Iasi
12%
Portugal Portimonense
12%
Azerbaijan Qabala
12%
Scotland Queen of the South
12%
North Macedonia Rabotnički
12%
Romania Rapid București
12%
Netherlands Roda JC
12%
Azerbaijan Sabail
12%
Liechtenstein Schaan
12%
Czechia | Czechoslovakia Sigma Olomouc
12%
Poland Śląsk Wrocław
12%
Ireland Sligo Rovers
12%
Scotland St Mirren
12%
Albania Teuta
12%
Ireland UCD
12%
Portugal União de Leiria
12%
Russia Ural
12%
Denmark Vejle
12%
Latvia Ventspils
12%
Faroe Islands Víkingur Gøta
12%
Austria Wiener SC
12%
Germany/West Germany Wuppertal
12%
Hungary Zalaegerszegi TE
12%
Switzerland Aarau
9%
Portugal Academica Coimbra
9%
Austria Admira Wien
9%
Russia Alania Vladikavkaz
9%
Türkiye Alanyaspor
9%
Russia Amkar Perm
9%
Greece Atromitos
9%
Azerbaijan AZAL
9%
Belgium Beerschot
9%
Albania Besa Kavajë
9%
Malta Birkirkara
9%
Bulgaria Botev Plovdiv
9%
Türkiye Çaykur Rizespor
9%
East Germany Chemie Leipzig
9%
Moldova Dacia Chişinău
9%
Slovenia Domžale
9%
Ireland Drogheda United
9%
Albania Elbasani
9%
Portugal Farense
9%
Netherlands FC Amsterdam
9%
Luxembourg Fola Esch
9%
Netherlands Fortuna Sittard
9%
Sweden GAIS
9%
Ireland Galway United
9%
Türkiye Gençlerbirliği
9%
Portugal Gil Vicente
9%
Poland Górnik Zabrze
9%
Türkiye Göztepe
9%
Austria Grödig
9%
Malta Ħamrun Spartans
9%
Denmark Horsens
9%
Czechoslovakia | Slovakia Inter Bratislava
9%
Luxembourg Jeunesse Esch
9%
Germany/West Germany Kickers Offenbach
9%
Portugal Leixões
9%
Ireland Limerick
9%
Scotland Livingston
9%
Norway Lyn Oslo
9%
Ukraine Mariupol
9%
Austria Mattersburg
9%
East Germany Mecklenburg Schwerin
9%
North Macedonia Metalurg Skopje
9%
Armenia Mika
9%
Czechia Mladá Boleslav
9%
Slovenia Mura
9%
Estonia Narva Trans
9%
Belarus Neman Grodno
9%
Switzerland Neuchâtel Xamax
9%
Czechoslovakia | Slovakia Nitra
9%
Türkiye Osmanlispor
9%
Austria Pasching
9%
Hungary Pécsi MFC
9%
Cyprus Pezoporikos Larnaca
9%
Luxembourg Progrès Niederkorn
9%
Serbia/Serbia and Montenegro Proleter Zrenjanin
9%
Netherlands RKC Waalwijk
9%
Russia Rotor Volgograd
9%
Portugal Salgueiros
9%
Andorra Sant Julià
9%
France Sedan
9%
Armenia Shirak
9%
Belgium Sint-Truiden
9%
Latvia Skonto Rīga
9%
Bulgaria Slavia Sofia
9%
Bulgaria Spartak Varna
9%
East Germany Stahl Eisenhüttenstädt
9%
Austria Stockerau
9%
Montenegro | Serbia/Serbia and Montenegro Sutjeska
9%
Luxembourg Swift Hesperange
9%
Kazakhstan Tobol
9%
Georgia Torpedo Kutaisi
9%
Azerbaijan Turan
9%
Luxembourg UNA Strassen
9%
Faroe Islands VB
9%
Austria VÖEST Linz
9%
Finland VPS
9%
Ireland Waterford United
9%
Poland Widzew Łódź
9%
Austria Wiener Neustädter
9%
Poland Wisla Plock
9%
Norway Aalesunds
6%
Türkiye Adanaspor
6%
Kazakhstan Aktobe
6%
Luxembourg Alliance Dudelange
6%
Kazakhstan Alma-Ata
6%
Türkiye Altay
6%
Albania Apolonia Fier
6%
Armenia Araks Ararat
6%
Luxembourg Aris Bonnevoie
6%
Poland Arka Gdynia
6%
Belarus Ataka Minsk
6%
Sweden Åtvidabergs
6%
Luxembourg Avenir Beggen
6%
Northern Ireland Ballymena United
6%
Russia Baltika Kaliningrad
6%
Armenia Banants
6%
Portugal Beira-Mar
6%
Switzerland Bellinzona
6%
Belgium Beveren
6%
Serbia/Serbia and Montenegro Borac Čačak
6%
Romania Brașov
6%
Ireland Bray Wanderers
6%
Iceland Breiðablik
6%
Albania Bylis Ballsh
6%
Soviet Union | Ukraine Chornomorets Odesa
6%
Croatia Cibalia
6%
San Marino Cosmos
6%
Sweden Degerfors
6%
Türkiye Denizlispor
6%
Ukraine Desna Chernihiv
6%
Georgia Dila Gori
6%
Belarus Dnepr Mogilev
6%
San Marino Domagnano
6%
Netherlands DOS
6%
Scotland Dunfermline
6%
Netherlands DWS
6%
Faroe Islands EB/Streymur
6%
Lithuania Ekranas Panevėzys
6%
Andorra Engordany
6%
Cyprus EPA Larnaca
6%
Armenia Erebuni-Homenmen
6%
Türkiye Eskisehirspor
6%
Luxembourg Etzella Ettelbruck
6%
Iceland FH
6%
Latvia FK Jelgava
6%
Albania Flamurtari
6%
Malta Floriana
6%
San Marino Folgore Falciano
6%
Norway Fredrikstad
6%
Armenia Gandzasar Kapan
6%
Türkiye Gaziantepspor
6%
Sweden Gefle
6%
Northern Ireland Glentoran
6%
Scotland Gretna
6%
Luxembourg Grevenmacher
6%
France Gueugnon
6%
Netherlands Haarlem
6%
Serbia/Serbia and Montenegro Hajduk Kula
6%
Israel Hapoel Petah Tikva
6%
Lithuania Hegelmann
6%
Luxembourg Hobscheid
6%
Denmark Holbæk B&I
6%
Croatia Hrvatski dragovoljac
6%
Croatia Inter Zaprešić
6%
Luxembourg Jeunesse Hautcharage
6%
Finland Jokerit
6%
Luxembourg Käerjéng 97
6%
Croatia Kamen Ingrad
6%
Türkiye Kardemir Karabükspor
6%
Türkiye Kayserispor
6%
Armenia Kilikia
6%
Türkiye Kocaelispor
6%
Armenia Kotayk
6%
Austria Kremser
6%
Ukraine Kryvbas
6%
Russia Kuban Krasnodar
6%
Switzerland La Chaux-de-Fonds
6%
Armenia Lernagorts Kapan
6%
Latvia Liepāja
6%
Belgium Lierse
6%
Albania Luftëtari
6%
Denmark Lyngby
6%
Israel Maccabi Netanya
6%
North Macedonia Makedonija Gjorče Petrov
6%
Türkiye Malatyaspor
6%
Ukraine Metalurh Donetsk
6%
Ukraine Metalurh Zaporizhia
6%
North Macedonia Milano Kumanovo
6%
Moldova Milsami Orhei
6%
Luxembourg Mondercange
6%
Serbia/Serbia and Montenegro | Yugoslavia Napredak Kruševac
6%
Estonia Nõmme Kalju
6%
Greece Olympiacos Volos
6%
Belgium Oostende
6%
Kazakhstan Ordabasy
6%
Sweden Örgryte
6%
Estonia Paide Linnameeskond
6%
Hungary Paks
6%
Luxembourg Pétange
6%
Moldova Petrocub Hîncești
6%
Romania Petrolul Ploiești
6%
Romania Politehnica Timișoara
6%
Slovenia Primorje
6%
Andorra Principat
6%
Luxembourg Racing FC Union Luxembourg
6%
Bosnia and Herzegovina Radnik Bijeljina
6%
Luxembourg Red Boys Differdange
6%
Luxembourg Rumelange
6%
Georgia Saburtalo Tbilisi
6%
Norway Sarpsborg 08
6%
Serbia/Serbia and Montenegro Sevojno
6%
Malta Sirens
6%
Bosnia and Herzegovina Široki Brijeg
6%
Soviet Union SKA Rostov-na-Donu
6%
Belarus Slavia Mozyr
6%
Czechia Slovácko
6%
Serbia/Serbia and Montenegro Smederevo
6%
Bulgaria Spartak Plovdiv
6%
Armenia Spartak Yerevan
6%
Iceland Stjarnan
6%
Gibraltar St Joseph's
6%
Lithuania Sūduva
6%
Azerbaijan Sumqayit
6%
Austria Swarovski Tirol
6%
Hungary Tatabánya
6%
Czechia | Czechoslovakia Teplice
6%
Slovakia Trenčín
6%
Kosovo Trepça '89
6%
Armenia Ulisses
6%
Luxembourg Union Luxembourg
6%
Luxembourg Union Titus Pétange
6%
Romania UTA Arad
6%
Norway Vålerenga
6%
Romania Vaslui
6%
East Germany Vorwärts Berlin
6%
Austria Vorwärts Steyr
6%
Belgium Westerlo
6%
Greece Xanthi
6%
Serbia/Serbia and Montenegro Zemun
6%
Armenia Zvartnots-AAL
6%
Wales Aberystwyth Town
3%
Finland Åbo IFK
3%
Scotland Airdrieonians
3%
North Macedonia Akademija Pandev
3%
Bulgaria Akademik Sofia
3%
Türkiye Akhisar Belediyespor
3%
Russia Akhmat Grozny
3%
Greece Akratitos
3%
Albania Albpetrol Patos
3%
Bosnia and Herzegovina Alfa Modriča
3%
Cyprus Alki Larnaca
3%
Finland Allianssi
3%
Georgia Ameri Tbilisi
3%
Poland Amica Wronki
3%
Cyprus APOP Kinyras
3%
Bulgaria Arda Kardzhali
3%
Romania Argeș Pitești
3%
Ukraine Arsenal Kyiv
3%
Slovakia Artmedia Petržalka
3%
Romania ASA Târgu Mures
3%
Greece Athinaikos
3%
Lithuania Atlantas Klaipeda
3%
Latvia Auda
3%
Faroe Islands B68 Toftir
3%
Faroe Islands B71 Sandur
3%
Lithuania Banga Gargzdai
3%
Serbia/Serbia and Montenegro Bečej
3%
North Macedonia Belasica
3%
Belarus Belshina Bobruisk
3%
Bulgaria Beroe Stara Zagora
3%
Montenegro Bokelj
3%
Türkiye Boluspor
3%
Sweden Brage
3%
Slovenia Bravo
3%
Sweden Brommapojkarna
3%
Serbia/Serbia and Montenegro Budućnost Banatski Dvor
3%
Hungary BVSC
3%
Montenegro Čelik Nikšić
3%
North Macedonia Cementarnica 55
3%
Bulgaria Chernomorets Burgas
3%
Russia Chernomorets Novorossiysk
3%
Andorra Constel·lació Esportiva
3%
Moldova Constructorul Chişinău
3%
Romania Corvinul Hunedoara
3%
Latvia Daugava Daugavpils
3%
Latvia Daugava Rīga
3%
Latvia Dinaburg
3%
Belarus Dinamo-93 Minsk
3%
Moldova Dinamo-Auto
3%
Hungary Diósgyöri VTK
3%
Slovenia Drava Ptuj
3%
Kosovo Dukagjini
3%
Czechoslovakia | Slovakia Dukla Banská Bystrica
3%
Romania Dunarea Galați
3%
Bulgaria Dunav Ruse
3%
Andorra Encamp
3%
Cyprus Ermis Aradippou
3%
Portugal Estrela da Amadora
3%
Cyprus Ethnikos Achna
3%
Portugal Fabril Barreiro
3%
San Marino Faetano
3%
Lithuania FA Šiauliai
3%
Belarus FC Bobruisk
3%
Lithuania FC Šiauliai
3%
Kosovo Feronikeli
3%
Kosovo Gjilani
3%
Montenegro Grbalj
3%
Finland Haka
3%
East Germany Hallescher
3%
Norway Haugesund
3%
Finland HIFK
3%
North Macedonia Horizont Turnovo
3%
Denmark Hvidovre
3%
Estonia Infonet Tallinn
3%
Lithuania Inkaras Kaunas
3%
Slovenia Interblock Ljubljana
3%
Greece Iraklis
3%
Montenegro Iskra Danilovgrad
3%
Moldova Iskra-Stal
3%
Belarus Isloch Minsk Raion
3%
Slovenia Izola
3%
Finland JJK
3%
San Marino Juvenes/Dogana
3%
Kazakhstan Kaisar
3%
Russia KAMAZ
3%
Lithuania Kareda Šiauliai
3%
Iceland Keflavík
3%
Denmark Køge BK
3%
Slovenia Korotan Prevalje
3%
Lithuania Kruoja Pakruojis
3%
Russia Krylia Sovetov Samara
3%
Finland Lahti
3%
Sweden Landskrona BoIS
3%
Estonia Lantana Tallinn
3%
Northern Ireland Larne
3%
San Marino Libertas
3%
Latvia Liepājas Metalurgs
3%
Norway Lillestrøm
3%
Bulgaria Litex Lovech
3%
Poland ŁKS Łódź
3%
Wales Llandudno
3%
Kosovo Llapi
3%
Georgia Locomotive Tbilisi
3%
Belarus Lokomotiv-96 Vitebsk
3%
Czechoslovakia Lokomotiva Košice
3%
Russia Lokomotiv Nizhny Novgorod
3%
Hungary Lombard Pápa
3%
Belgium Lommel
3%
Montenegro Lovćen
3%
Andorra Lusitans
3%
Israel Maccabi Petah Tikva
3%
Kosovo Malisheva
3%
Finland Mariehamn
3%
Montenegro Mogren
3%
Gibraltar Mons Calpe
3%
Slovakia MŠK Púchov
3%
San Marino Murata
3%
Belarus Naftan Novopolotsk
3%
Cyprus Nea Salamina
3%
Bulgaria Neftochimic Burgas
3%
Estonia Nikol Tallinn
3%
Moldova Nistru Otaci
3%
Estonia Norma Tallinn
3%
Faroe Islands NSÍ Runavik
3%
Ukraine Nyva Vinnytsia
3%
Montenegro OFK Titograd
3%
Ukraine Oleksandriya
3%
Latvia Olimpija Rīga
3%
Ukraine Olimpik Donetsk
3%
Bosnia and Herzegovina Olimpik Sarajevo
3%
Latvia Olimps Rīga
3%
Cyprus Olympiakos Nicosia
3%
Türkiye Orduspor
3%
Greece Panachaiki
3%
Romania Pandurii Târgu Jiu
3%
Lithuania Panevėžys
3%
Estonia Pärnu JK Tervis
3%
Scotland Partick Thistle
3%
Belarus Partizan Minsk
3%
North Macedonia Pelister
3%
San Marino Pennarossa
3%
Poland Piast Gliwice
3%
North Macedonia Pobeda
3%
Poland Polonia Warszawa
3%
Romania Progresul București
3%
Latvia RAF Jelgava
3%
Netherlands Rapid JC
3%
North Macedonia Renova
3%
Lithuania Riteriai
3%
Lithuania ROMAR Mazeikiai
3%
Poland Ruch Chorzów
3%
Montenegro Rudar Pljevlja
3%
Slovenia Rudar Velenje
3%
Estonia Sadam Tallinn
3%
Türkiye Sakaryaspor
3%
Georgia Samtredia
3%
Russia Saturn Ramenskoye
3%
Moldova Saxan Gagauz Yeri
3%
Croatia Segesta
3%
Slovakia Senica
3%
Belgium Seraing
3%
Moldova Sfîntul Gheorghe
3%
Kazakhstan Shakhter Karagandy
3%
Belarus Shakhtyor Soligorsk
3%
Russia Shinnik Yaroslavl
3%
Russia Sibir Novosibirsk
3%
Estonia Sillamae Kalev
3%
Georgia Sioni Bolnisi
3%
Faroe Islands Skála
3%
Bosnia and Herzegovina Slavija Sarajevo
3%
Malta Sliema Wanderers
3%
Bulgaria Sliven
3%
Denmark SønderjyskE
3%
Hungary Sopron
3%
Slovakia Spartak Myjava
3%
Serbia/Serbia and Montenegro Spartak Subotica
3%
Moldova Speranța Nisporeni
3%
Luxembourg Spora Luxembourg
3%
East Germany Stahl Brandenburg
3%
Poland Stal Mielec
3%
Norway Start
3%
Ireland St Patrick's Athletic
3%
Lithuania Stumbras Kaunas
3%
Hungary Szombathelyi Haladás
3%
Estonia Tartu Santos
3%
Lithuania Tauras
3%
Ukraine Tavriya Simferopol
3%
Iceland Þór Akureyri
3%
Moldova Tiligul-Tiras Tiraspol
3%
Albania Tomori Berat
3%
Belarus Torpedo-BelAZ Zhodino
3%
Lithuania TransINVEST
3%
Sweden Trelleborgs
3%
Estonia TVMK
3%
Hungary Vác
3%
Latvia Valmiera
3%
Iceland Valur Reykjavík
3%
Hungary Vasas Budapest
3%
Sweden Västra Frölunda
3%
Moldova Veris Chişinău
3%
Lithuania Vėtra
3%
Denmark Viborg
3%
Luxembourg Victoria Rosport
3%
Romania Viitorul Constanța
3%
Czechia Viktoria Žižkov
3%
Belarus Vitebsk
3%
Bulgaria Volov Shumen
3%
Ukraine Vorskla Poltava
3%
Belgium Waterschei THOR
3%
Switzerland Wettingen
3%
Belgium Winterslag
3%
Türkiye Yeni Malatyaspor
3%
Poland Zaglębie Lubin
3%
Moldova Zaria Balti
3%
Poland Zawisza Bydgoszcz
3%
Montenegro | Serbia/Serbia and Montenegro Zeta Golubovci
3%
Kazakhstan Zhetysu
3%
Azerbaijan Zira
3%
Malta Żurrieq
3%
Wales Afan Lido
0%
Wales Airbus UK Broughton
0%
Greece Apollon Smyrni
0%
Northern Ireland Ards
0%
Israel Ashdod
0%
Ireland Athlone Town
0%
Kazakhstan Atyrau
0%
Denmark B1901
0%
Denmark B1903
0%
Denmark B1909
0%
Denmark B1913
0%
Denmark B93
0%
Romania Bacău
0%
Wales Bala Town
0%
Northern Ireland Bangor
0%
Wales Bangor City
0%
Wales Barry Town
0%
North Macedonia Bashkimi
0%
Hungary Békéscsaba Előre
0%
Serbia/Serbia and Montenegro Bezanija
0%
Israel Bnei Sakhnin
0%
Israel Bnei Yehuda
0%
Wales Borough United
0%
Bulgaria Botev Vratsa
0%
Romania Botoșani
0%
Bosnia and Herzegovina Brotnjo
0%
Norway Bryne
0%
Bosnia and Herzegovina Budućnost Banovići
0%
Wales Caernarfon Town
0%
Wales Caersws
0%
Wales Cardiff Metropolitan University
0%
Wales Carmarthen Town
0%
Northern Ireland Carrick Rangers
0%
Romania Ceahlăul
0%
Wales Cefn Druids
0%
France Châteauroux
0%
Slovakia Chemlon Humenné
0%
Georgia Chikhura Sachkhere
0%
Romania Chimia Râmnicu Vâlcea
0%
Czechia Chmel Blšani
0%
Northern Ireland Cliftonville
0%
Northern Ireland Coleraine
0%
Wales Connah's Quay Nomads
0%
Wales Conwy United
0%
Northern Ireland Crusaders
0%
Hungary Csepel
0%
Wales Cwmbran Town
0%
Cyprus Digenis Akritas Morphou
0%
Czechia Drnovice
0%
Ireland Drumcondra
0%
Slovakia Dubnica
0%
Hungary Dunaújváros
0%
Northern Ireland Dungannon Swifts
0%
Poland Dyskobolia Grodzisk Wielkopolski
0%
Wales Ebbw Vale
0%
Belgium Eendracht Aalst
0%
Greece Egaleo
0%
Romania Electroputere Craiova
0%
Cyprus Enosis Neon Paralimni
0%
Bulgaria Etar
0%
Czechia Fastav Zlín
0%
Ireland Finn Harps
0%
Finland FinnPa
0%
Romania Flacara Moreni
0%
Iceland Fram Reykjavík
0%
Denmark Frem
0%
Denmark Fremad Amager
0%
Iceland Fylkir
0%
Norway Fyllingen
0%
Georgia Gagra
0%
Romania Gaz Metan Mediaș
0%
Belgium Germinal Ekeren
0%
Norway Gjøvik-Lyn
0%
Poland GKS Belchatów
0%
Poland GKS Tychy
0%
Northern Ireland Glenavon
0%
Romania Gloria Bistrița
0%
Iceland Grindavík
0%
Poland Gwardia Warszawa
0%
Israel Hapoel Ramat Gan
0%
Israel Hapoel Rishon LeZion
0%
Belgium Harelbeke
0%
Wales Haverfordwest County
0%
Denmark Herfølge
0%
Norway Hødd
0%
Ireland Home Farm
0%
Finland Honka
0%
Finland HPS
0%
Czechia | Czechoslovakia Hradec Králové
0%
Poland Hutnik Kraków
0%
Iceland ÍBA
0%
Iceland ÍBV
0%
Denmark Ikast
0%
Ukraine Illichivets Mariupol
0%
Finland Ilves
0%
Greece Ionikos
0%
Israel Ironi Kiryat Shmona
0%
Kazakhstan Irtysh
0%
Finland Jaro
0%
Finland Jazz
0%
Bosnia and Herzegovina Jedinstvo Bihać
0%
Romania Jiul Petroșani
0%
Greece Kalamata
0%
Azerbaijan Kapaz
0%
Ukraine Karpaty Lviv
0%
Azerbaijan Karvan
0%
Greece Kastoria
0%
Türkiye Kayseri Erciyesspor
0%
Denmark KB
0%
Hungary Kecskemét
0%
Azerbaijan Keşla
0%
Azerbaijan Khazar Lankaran
0%
Azerbaijan Khazar Universiteti
0%
Azerbaijan Khazri Buzovna
0%
Hungary Kisvárda
0%
Slovakia Koba Senec
0%
Georgia Kolkheti Poti
0%
Ukraine Kolos Kovalivka
0%
Hungary Komlói Bányász
0%
Norway Kongsvinger
0%
Finland KPT
0%
Finland KPV
0%
Finland KTP
0%
Finland Kuusysi
0%
Kazakhstan Kyzylzhar
0%
Iceland Leiftur
0%
Bosnia and Herzegovina Leotar
0%
Northern Ireland Lisburn Distillery
0%
Wales Llanelli
0%
Belgium Lokeren
0%
Ireland Longford Town
0%
Bulgaria Marek Dupnitsa
0%
Georgia Margveti Zestafoni
0%
Malta Marsa
0%
Malta Marsaxlokk
0%
Georgia Merani Tbilisi
0%
Wales Merthyr Tydfil
0%
Poland Miedz Legnica
0%
Romania Minaur Baia Mare
0%
Norway Mjøndalen
0%
Azerbaijan MKT Araz
0%
Norway Moss
0%
Finland MP
0%
Finland MyPa
0%
Denmark Næstved
0%
Wales Neath
0%
Northern Ireland Newry Town
0%
Wales Newtown
0%
Norway Odd
0%
Poland Odra Opole
0%
Poland Odra Wodzisław Śląski
0%
Kazakhstan Okzhetpes
0%
Northern Ireland Omagh Town
0%
Czechia Opava
0%
Finland OPS
0%
Bosnia and Herzegovina Orašje
0%
Lithuania Panerys Vilnius
0%
Wales Penybont
0%
Bulgaria Pirin Blagoevgrad
0%
Azerbaijan Pivani Baku
0%
Ukraine Polissya Zhytomyr
0%
Poland Polonia Bytom
0%
Northern Ireland Portadown
0%
Wales Port Talbot Town
0%
Wales Prestatyn Town
0%
Czechia Příbram
0%
Belgium RAA Louviéroise
0%
Denmark Randers Freja
0%
Finland Reipas Lahti
0%
Wales Rhyl
0%
Slovakia Rimavská Sobota
0%
Belgium Roeselare
0%
Finland RoPS
0%
Belgium Royal Excel Mouscron
0%
Czechoslovakia Rudá Hvezda Brno
0%
Slovakia Ružomberok
0%
Hungary Salgótarján
0%
Romania Sepsi OSK Sfântu Gheorghe
0%
Azerbaijan Shafa Baku
0%
Azerbaijan Shamkir
0%
North Macedonia Sileks
0%
Azerbaijan Simurq
0%
Hungary Siofok
0%
Norway Skeid
0%
Ireland Sporting Fingal
0%
Romania Sportul Studențesc
0%
Norway Stabæk
0%
Poland Stal Rzeszow
0%
Norway Strømsgodset
0%
North Macedonia Struga
0%
Poland Szombierki Bytom
0%
Estonia Tallinna Kalev
0%
Czechoslovakia | Slovakia Tatran Prešov
0%
Russia Tekstilshchik Kamyshin
0%
North Macedonia Teteks
0%
North Macedonia Tikvesh
0%
Czechoslovakia TJ Gottwaldov
0%
Wales Ton Pentre
0%
Finland TPV
0%
Lithuania Trakai
0%
Georgia Tskhinvali
0%
Denmark Vanløse
0%
Bulgaria Velbazhd Kyustendil
0%
Romania Victoria București
0%
Azerbaijan Vilash
0%
Estonia Viljandi Tulevik
0%
Slovakia ViOn Zlaté Moravce
0%
Czechoslovakia Vítkovice
0%
Belgium Waregem
0%
East Germany Wismut Karl-Marx-Stadt
0%
Georgia WIT Georgia
0%
Poland Zaglębie Sosnowiec
0%
Poland Zaglębie Walbrzych
0%
Serbia/Serbia and Montenegro Zeleznik
0%
Bosnia and Herzegovina Zepče
0%
Georgia Zestafoni
0%
Kazakhstan Zhenis
0%
No matching quizzes found
Score Distribution
Percent of People with Each Score
Percentile by Number Answered
Your Score History
You have not taken this quiz since the last reset